[Event "Reykjavik Open 2025"]
[Site "Reykjavik"]
[Date "2025.04.12"]
[Round "5.65"]
[White "Kracht, Raphael"]
[Black "Zhang, Ruijia"]
[Result "1-0"]
[WhiteElo "2196"]
[WhiteFideId "16214382"]
[BlackElo "1973"]
[BlackFideId "8645264"]
[Variant "Standard"]
[StudyName "ROPen 2025 - Rd5 - Boards 45-108"]
1. e4 e6 2. d4 d5 3. Nd2 c5 4. exd5 Qxd5 5. Ngf3 cxd4 6. g3 Nf6 7. Bg2 Be7 8. O-O O-O 9. Nb3 e5 10. Re1 e4 11. Nfxd4 Bg4 12. Bxe4 Qd7 13. Bf3 Bxf3 14. Qxf3 Nc6 15. Nf5 Rae8 16. Nxe7+ Rxe7 17. Rxe7 Nxe7 18. Bg5 Nfd5 19. Rd1 Qb5 20. Rd4 f6 21. c4 Qb6 22. Bd2 Nc7 23. Rd7 1-0

[Event "Reykjavik Open 2025"]
[Site "Reykjavik"]
[Date "2025.04.12"]
[Round "5.66"]
[White "Ravi, Krishna"]
[Black "Alfaro Guillen, Jose Raul"]
[Result "1-0"]
[WhiteElo "2100"]
[WhiteFideId "25707817"]
[BlackElo "1956"]
[BlackFideId "6501966"]
[Variant "Standard"]
[StudyName "ROPen 2025 - Rd5 - Boards 45-108"]
1. d4 Nf6 2. c4 c5 3. d5 e6 4. Nf3 exd5 5. cxd5 d6 6. e4 g6 7. Bd3 Bg7 8. h3 O-O 9. O-O a6 10. a4 Re8 11. Re1 Nbd7 12. Nc3 Ne5 13. Nxe5 Rxe5 14. Bf4 Re8 15. Qd2 Nh5 16. Bh2 g5 17. Ne2 h6 18. g4 Nf6 19. Nc3 Nd7 20. Kg2 Ne5 21. Rf1 Ng6 22. Bg3 Be5 23. Ne2 Qf6 24. f4 gxf4 25. Nxf4 Qg5 26. Rad1 Bd7 27. b3 b5 28. a5 Rac8 29. Nh5 Qxd2+ 30. Rxd2 Re7 31. Bxe5 dxe5 32. Rc2 Be8 33. Rfc1 Rec7 34. Kf3 Kf8 35. Ke3 Ke7 36. Bf1 Nf8 37. Rf2 Rd7 38. Ng3 Kd8 39. Nf5 Ng6 40. Rfc2 Rdc7 41. Nd6 Ra8 42. Rxc5 Rxc5 43. Rxc5 Nf4 44. h4 f6 45. Nxe8 Kxe8 46. Rc6 Kf7 47. h5 Ra7 48. Kd2 f5 49. gxf5 Nxh5 50. Rxh6 Nf6 51. Bd3 Ra8 52. Kc3 Rc8+ 53. Kb4 Rc1 54. Rh2 Rd1 55. Bc2 Rd4+ 56. Kc5 Nxe4+ 57. Bxe4 Rxe4 58. Rh7+ Kf6 59. Rh6+ Kxf5 60. Rxa6 Re3 61. b4 Rd3 62. Re6 e4 63. a6 e3 64. a7 Ra3 65. Kb6 1-0

[Event "Reykjavik Open 2025"]
[Site "Reykjavik"]
[Date "2025.04.12"]
[Round "5.67"]
[White "Mensing, Adrian"]
[Black "Piacquadio, Riccardo Daniele"]
[Result "1-0"]
[WhiteElo "2078"]
[WhiteFideId "1043293"]
[BlackElo "1952"]
[BlackFideId "1565656"]
[Variant "Standard"]
[StudyName "ROPen 2025 - Rd5 - Boards 45-108"]
1. d4 Nf6 2. Nc3 d5 3. Bf4 c6 4. e3 Bf5 5. Nf3 h6 6. Ne5 e6 7. g4 Bh7 8. h4 Qa5 9. Bd3 Bxd3 10. Qxd3 Bb4 11. O-O Bxc3 12. bxc3 Nbd7 13. Rab1 Nxe5 14. Bxe5 b5 15. f3 Qd8 16. Rf2 Kf8 17. Rg2 Qe7 18. Rf1 Nd7 19. Bg3 h5 20. g5 g6 21. e4 a6 22. f4 dxe4 23. Qxe4 Rc8 24. Re2 Qd8 25. f5 gxf5 26. Bd6+ Kg8 27. Qf4 Nf8 28. Bxf8 Kxf8 29. g6 Rg8 30. Qh6+ Rg7 31. Rxf5 Qc7 32. Kf1 Kg8 33. gxf7+ Rxf7 34. Rg2+ Rg7 35. Qxe6+ Kh8 36. Rxh5+ Rh7 37. Qf6+ 1-0

[Event "Reykjavik Open 2025"]
[Site "Reykjavik"]
[Date "2025.04.12"]
[Round "5.69"]
[White "Bougain, Victor"]
[Black "De Kaey, Pascal"]
[Result "1-0"]
[WhiteElo "2061"]
[WhiteFideId "45197784"]
[BlackElo "1944"]
[BlackFideId "204510"]
[Variant "Standard"]
[StudyName "ROPen 2025 - Rd5 - Boards 45-108"]
1. Nf3 d5 2. d4 c5 3. c4 Nf6 4. e3 e6 5. Nc3 Nc6 6. a3 a6 7. cxd5 exd5 8. Be2 Be7 9. O-O O-O 10. Ne5 Qc7 11. f4 Rd8 12. Kh1 Ne4 13. Nxe4 dxe4 14. Qc2 Be6 15. f5 Bd5 16. Ng4 h5 17. f6 hxg4 18. fxe7 Qxe7 19. dxc5 Ne5 20. Bd2 Rac8 21. b4 Rc6 22. Bc3 Rh6 23. Rf5 Nf3 24. gxf3 exf3 25. Bd3 g3 26. e4 Bc6 27. Rxf3 Rxh2+ 28. Qxh2 gxh2 29. Rg3 g6 30. Rf1 Qh4 31. Rff3 Qh6 32. Bf6 Rd7 33. Rf2 Qc1+ 34. Kxh2 Qh6+ 35. Kg1 Bb5 36. Bxb5 Rd1+ 37. Bf1 Qh5 38. Rf5 Qe2 39. Rh3 Rxf1+ 40. Rxf1 Qg4+ 41. Kh2 Qe2+ 42. Kg3 Qe3+ 43. Rf3 1-0

[Event "Reykjavik Open 2025"]
[Site "Reykjavik"]
[Date "2025.04.12"]
[Round "5.70"]
[White "Schoffelmeer, Jetse"]
[Black "Patel, Zain"]
[Result "1/2-1/2"]
[WhiteElo "1939"]
[WhiteFideId "1084658"]
[BlackElo "2079"]
[BlackFideId "469246"]
[Variant "Standard"]
[StudyName "ROPen 2025 - Rd5 - Boards 45-108"]
1. d4 Nf6 2. c4 e6 3. Nf3 d5 4. g3 dxc4 5. Nbd2 c5 6. Nxc4 Nc6 7. Bg2 cxd4 8. O-O Be7 9. Qd3 O-O 10. Rd1 Bc5 11. a3 a5 12. Bf4 Nd5 13. Ng5 f5 14. Nf3 Re8 15. Rac1 b6 16. Nce5 Nxe5 17. Bxe5 Ba6 18. Qd2 d3 19. exd3 Qe7 20. d4 Bd6 21. Rc2 Rad8 22. Rdc1 Bb7 23. Qe2 Nf6 24. Nd2 Bxg2 25. Kxg2 Nd7 26. Nc4 Nxe5 27. Nxd6 Nd3 28. Qxd3 Qxd6 29. Rc6 Qd5+ 30. Kg1 Rd6 31. Qc4 Qxc4 32. R1xc4 Red8 33. Kg2 Kf7 34. Kf3 Kf6 1/2-1/2

[Event "Reykjavik Open 2025"]
[Site "Reykjavik"]
[Date "2025.04.12"]
[Round "5.71"]
[White "Teichmann, Alexander"]
[Black "Adams, Henry"]
[Result "0-1"]
[WhiteElo "1934"]
[WhiteFideId "24657735"]
[BlackElo "2077"]
[BlackFideId "464562"]
[Variant "Standard"]
[StudyName "ROPen 2025 - Rd5 - Boards 45-108"]
1. e4 e5 2. Nf3 Nc6 3. Bb5 a6 4. Ba4 Nf6 5. O-O Be7 6. Re1 b5 7. Bb3 d6 8. c3 O-O 9. h3 Nb8 10. d4 Nbd7 11. Nbd2 Bb7 12. Bc2 Re8 13. Nf1 Bf8 14. Ng3 g6 15. a4 c5 16. d5 c4 17. Bg5 Nc5 18. Qd2 Be7 19. Bh6 Nfd7 20. h4 Nxa4 21. Bxa4 bxa4 22. Rxa4 a5 23. h5 Ba6 24. Be3 Bb5 25. Ra2 a4 26. Rea1 Qc7 27. Nh2 Nc5 28. Bxc5 Qxc5 29. Qh6 Bd7 30. Nf3 Bf8 31. Qg5 h6 32. Qd2 Ra7 33. Nh4 Kh7 34. Qd1 Be7 35. hxg6+ fxg6 36. Nxg6 Kxg6 37. Qh5+ Kg7 38. Nf5+ Bxf5 39. Qxe8 Bg6 40. Qc6 Rc7 41. Qxc5 Rxc5 42. Rxa4 Bxe4 43. Ra5 Rxd5 44. Rxd5 Bxd5 45. Ra5 Bf7 46. Kf1 Bg5 47. Ke2 Kf6 48. g3 Bh5+ 49. f3 e4 50. g4 exf3+ 51. Kxf3 Bg6 52. Rb5 Bc2 53. Kg3 Ke6 54. Kf3 Kd7 55. Rb8 Bc1 56. Rb4 Bb3 57. Ke4 Ke6 58. Kd4 Bxb2 59. Rb8 Bc1 60. Re8+ Kf6 61. Rf8+ Kg7 62. Rf3 Kg6 63. Kd5 Kg5 64. Kxd6 Kxg4 0-1

[Event "Reykjavik Open 2025"]
[Site "Reykjavik"]
[Date "2025.04.12"]
[Round "5.72"]
[White "Allard, Thomas"]
[Black "Valtysson, Thor"]
[Result "1-0"]
[WhiteElo "2053"]
[WhiteFideId "676160"]
[BlackElo "1929"]
[BlackFideId "2301903"]
[Variant "Standard"]
[StudyName "ROPen 2025 - Rd5 - Boards 45-108"]
1. e4 c6 2. d4 d5 3. e5 Bf5 4. h4 h5 5. Bd3 Bxd3 6. Qxd3 e6 7. Nf3 Qa5+ 8. Nbd2 Qa6 9. c4 Ne7 10. O-O Nf5 11. b3 Be7 12. a4 Nd7 13. Ba3 Bxa3 14. Rxa3 Qa5 15. b4 Qd8 16. cxd5 cxd5 17. Rc3 Rc8 18. Rfc1 Rxc3 19. Qxc3 Ke7 20. b5 f6 21. a5 Qb8 22. b6 axb6 23. axb6 Rd8 24. Qa3+ Ke8 25. exf6 gxf6 26. Rc7 Rc8 27. Qa7 Nd6 28. Qa5 Nxb6 29. Rh7 Nd7 30. Qa3 Nf8 31. Rxh5 Qc7 32. Qe3 Qe7 33. Rh8 Nf7 34. Rg8 Rc1+ 35. Kh2 Qc7+ 36. g3 Ke7 37. Qa3+ Nd6 38. Rg7+ 1-0

[Event "Reykjavik Open 2025"]
[Site "Reykjavik"]
[Date "2025.04.12"]
[Round "5.73"]
[White "Sleczka, Bartosz"]
[Black "Borne, Niels"]
[Result "1-0"]
[WhiteElo "1920"]
[WhiteFideId "1180428"]
[BlackElo "2071"]
[BlackFideId "602876"]
[Variant "Standard"]
[StudyName "ROPen 2025 - Rd5 - Boards 45-108"]
1. d4 Nf6 2. Nc3 d5 3. Bg5 h6 4. Bxf6 exf6 5. e3 g6 6. Bd3 c6 7. Qf3 h5 8. g3 Bg4 9. Qg2 Qa5 10. h3 Ba3 11. hxg4 Bxb2 12. Rb1 Qxc3+ 13. Ke2 Nd7 14. gxh5 O-O-O 15. hxg6 fxg6 16. Bxg6 Qc4+ 17. Bd3 Qxa2 18. Nf3 Kb8 19. Rxh8 Rxh8 20. Rh1 Rxh1 21. Qxh1 a5 22. Qh7 Nb6 23. Qh8+ Ka7 24. Qxf6 Na4 25. Ne5 Nc3+ 26. Kf3 Qb1 27. Kg2 Bc1 28. Nd7 Ba3 29. Qd8 Bd6 30. Qxa5# 1-0

[Event "Reykjavik Open 2025"]
[Site "Reykjavik"]
[Date "2025.04.12"]
[Round "5.74"]
[White "Bernhard, Sebastian"]
[Black "Monteverde, Jonathan"]
[Result "1/2-1/2"]
[WhiteElo "1914"]
[WhiteFideId "1271149"]
[BlackElo "2067"]
[BlackFideId "1314580"]
[Variant "Standard"]
[StudyName "ROPen 2025 - Rd5 - Boards 45-108"]
1. e4 c5 2. Nf3 d6 3. Bb5+ Nd7 4. d4 cxd4 5. Qxd4 a6 6. Be2 Ngf6 7. c4 e5 8. Qe3 d5 9. exd5 Bc5 10. Qb3 e4 11. Nfd2 Ne5 12. h3 O-O 13. Nf1 b5 14. Be3 bxc4 15. Bxc4 Bd6 16. Nbd2 Rb8 17. Qc2 Nxc4 18. Nxc4 Bb4+ 19. Nfd2 Nxd5 20. O-O Nxe3 21. fxe3 Qd3 22. Rac1 Bxd2 23. Qxd2 Qxd2 24. Nxd2 Rxb2 25. Nxe4 Rxa2 26. Rc7 Be6 27. Nc5 Bc4 28. Rf4 Bb5 29. Ne4 Ra1+ 30. Kh2 Rf1 31. Nd6 Rxf4 32. exf4 Bd3 33. Rc3 Bb5 34. Rc7 Rb8 35. Nxf7 Rf8 36. Ng5 h6 37. Ne6 Rf7 38. Rc8+ Kh7 39. Nf8+ Kg8 40. Ng6+ Kh7 41. Nf8+ Kg8 42. Ne6+ Kh7 43. Nf8+ Kg8 44. Ne6+ Kh7 45. Nf8+ Kg8 1/2-1/2

[Event "Reykjavik Open 2025"]
[Site "Reykjavik"]
[Date "2025.04.12"]
[Round "5.75"]
[White "Roubert, Emile"]
[Black "Maton, Emily"]
[Result "1-0"]
[WhiteElo "2050"]
[WhiteFideId "680311"]
[BlackElo "1912"]
[BlackFideId "343120293"]
[Variant "Standard"]
[StudyName "ROPen 2025 - Rd5 - Boards 45-108"]
1. e4 c5 2. Nf3 e6 3. d4 cxd4 4. Nxd4 Nf6 5. Nc3 Nc6 6. Ndb5 Bc5 7. Nd6+ Ke7 8. Bf4 e5 9. Nf5+ Kf8 10. Bg5 d6 11. Bc4 Be6 12. Bb3 h6 13. Bxf6 Qxf6 14. Ne3 Bd4 15. O-O g6 16. Ncd5 Qd8 17. c3 Bc5 18. Qd3 Kg7 19. Bc4 a5 20. b3 Rc8 21. a3 Ne7 22. Rfd1 Bxd5 23. Nxd5 Nxd5 24. Qxd5 Qf6 25. Ra2 Rc7 26. Rd3 Qe6 27. Qxe6 fxe6 28. Bxe6 Bd4 29. Bc4 Rhc8 30. cxd4 b5 31. dxe5 bxc4 32. bxc4 Rxc4 33. f3 dxe5 34. Rd7+ Kf6 35. h4 R8c6 36. Ra7 Ra4 37. g4 Rc3 38. Rb2 Rc6 39. Rb3 Ke6 40. Kf2 Rc2+ 41. Kg3 Kd6 42. Rd3+ Rd4 43. Rxd4+ exd4 44. Rxa5 Ra2 45. Rd5+ Ke6 46. Rxd4 Rxa3 47. Rd5 Rb3 48. Ra5 Rb6 49. Kf4 Rb3 50. Ra6+ Kf7 51. g5 h5 52. Ra7+ Kf8 53. e5 Rb4+ 54. Kg3 Rb5 55. e6 Rb6 56. Rf7+ Kg8 57. Rf6 Kg7 58. Kf4 Rb4+ 59. Ke5 Rxh4 60. e7 Rh1 61. Re6 Re1+ 62. Kd6 Rd1+ 63. Kc5 Rc1+ 64. Kd4 Rd1+ 65. Kc3 Rc1+ 66. Kd2 Rc8 67. e8=Q Rxe8 68. Rxe8 h4 69. Ke3 h3 70. Kf2 h2 71. Kg2 1-0

[Event "Reykjavik Open 2025"]
[Site "Reykjavik"]
[Date "2025.04.12"]
[Round "5.76"]
[White "Ragnarsson, Johann"]
[Black "Gavran, Marinko"]
[Result "1-0"]
[WhiteElo "1908"]
[WhiteFideId "2301040"]
[BlackElo "2054"]
[BlackFideId "14524848"]
[Variant "Standard"]
[StudyName "ROPen 2025 - Rd5 - Boards 45-108"]
1. d4 d5 2. c4 c6 3. cxd5 cxd5 4. Bf4 Nc6 5. e3 e5 6. dxe5 Bb4+ 7. Nc3 g5 8. Bg3 Qa5 9. Ne2 Be6 10. a3 Bxc3+ 11. Nxc3 O-O-O 12. b4 Qb6 13. Nb5 Kb8 14. Nd4 Nge7 15. Ra2 Nf5 16. Nxf5 d4 17. Nd6 Bxa2 18. e6 Ka8 19. e4 Bxe6 20. Bd3 h5 21. h3 f6 22. Bc4 Bxc4 23. Nxc4 Qb5 24. Nd6 Qa6 25. b5 Qxa3 26. bxc6 Rxd6 27. Bxd6 Qxd6 28. cxb7+ Kxb7 29. Qb3+ Ka8 30. Ke2 Rb8 31. Qd5+ Qxd5 32. exd5 Rd8 33. Rc1 Rxd5 34. Rc6 d3+ 35. Kd2 f5 36. Rh6 h4 37. f4 gxf4 38. Rxh4 Rd4 39. g3 Re4 40. Rxf4 Rxf4 41. gxf4 1-0

[Event "Reykjavik Open 2025"]
[Site "Reykjavik"]
[Date "2025.04.12"]
[Round "5.77"]
[White "De La Torre, Igor"]
[Black "Stolyarov, Alan"]
[Result "0-1"]
[WhiteElo "2048"]
[WhiteFideId "630535"]
[BlackElo "1889"]
[BlackFideId "30906008"]
[Variant "Standard"]
[StudyName "ROPen 2025 - Rd5 - Boards 45-108"]
1. e4 c5 2. Nf3 d6 3. Bb5+ Nd7 4. c3 Nf6 5. Qe2 e6 6. d4 a6 7. Bd3 Be7 8. e5 Nd5 9. O-O O-O 10. a3 cxd4 11. cxd4 b6 12. Nc3 Nxc3 13. bxc3 Bb7 14. Bf4 Qc7 15. Rfc1 dxe5 16. dxe5 Nc5 17. Bc2 Qc6 18. Ne1 Rac8 19. Qg4 g6 20. Bh6 Rfd8 21. h4 Nd7 22. Nf3 Qc4 23. Bf4 Bxf3 24. gxf3 h5 25. Qg3 Kg7 26. Bg5 Bxg5 27. Qxg5 Qxc3 28. f4 Qh3 29. Bd1 Qf5 30. Qg3 Nc5 31. Bf3 Nd3 32. Rxc8 Rxc8 33. Bb7 Rc2 34. f3 Nxf4 35. Be4 Ne2+ 0-1

[Event "Reykjavik Open 2025"]
[Site "Reykjavik"]
[Date "2025.04.12"]
[Round "5.78"]
[White "Haraldsson, Leif"]
[Black "De Seroux, Camille"]
[Result "0-1"]
[WhiteElo "1844"]
[WhiteFideId "1710648"]
[BlackElo "2049"]
[BlackFideId "1305620"]
[Variant "Standard"]
[StudyName "ROPen 2025 - Rd5 - Boards 45-108"]
1. f4 d5 2. Nf3 g6 3. g3 Bg7 4. Bg2 c6 5. c3 Nd7 6. d4 Ndf6 7. e3 Nh6 8. Nbd2 Nf5 9. Qe2 Nd6 10. Ne5 h5 11. h3 Be6 12. Nd3 Qc8 13. Nf2 Bf5 14. Bf3 Qe6 15. Bg2 a5 16. a4 Qd7 17. Kd1 b5 18. axb5 Nxb5 19. Nb3 Qc7 20. Nc5 Nd7 21. Nxd7 Qxd7 22. g4 Be6 23. Bd2 a4 24. g5 Qb7 25. Nd3 Nd6 26. Bc1 Bf5 27. Nc5 Qb6 28. Ke1 O-O 29. Rxa4 Rxa4 30. Nxa4 Qc7 31. Kf2 Ne4+ 32. Bxe4 Bxe4 33. Re1 Qc8 34. Kg3 f6 35. h4 fxg5 36. hxg5 Bf5 37. Nc5 Bg4 38. Qa6 Qc7 39. Qb7 Qd6 40. e4 e5 41. Nd3 Bc8 42. Qb4 Qd7 43. Nf2 exf4+ 44. Bxf4 h4+ 45. Kf3 c5 46. Qxc5 dxe4+ 47. Ke3 Rxf4 48. Kxf4 Qf7+ 49. Kxe4 Bb7+ 50. Kd3 Qxf2 51. Qe7 Ba6+ 52. c4 Qxd4+ 53. Kc2 Qxb2+ 54. Kd1 Bxc4 55. Re3 Qd4+ 56. Ke1 Qf4 57. Kd1 Qf1+ 58. Kd2 Qf2+ 59. Kd1 Qf5 60. Kd2 Kh7 61. Qe4 Qf2+ 62. Kd1 Bd5 63. Qd3 Qg1+ 64. Ke2 Qxg5 65. Rh3 Bc4 66. Qxc4 Qg2+ 0-1

[Event "Reykjavik Open 2025"]
[Site "Reykjavik"]
[Date "2025.04.12"]
[Round "5.79"]
[White "De Mey, Juan Pablo"]
[Black "Yu, Tianxiang Carlos"]
[Result "1-0"]
[WhiteElo "2030"]
[WhiteFideId "15900312"]
[BlackElo "1843"]
[BlackFideId "39922723"]
[Variant "Standard"]
[StudyName "ROPen 2025 - Rd5 - Boards 45-108"]
1. e4 c5 2. Nf3 d6 3. d4 cxd4 4. Nxd4 Nf6 5. Nc3 a6 6. Bg5 e6 7. f4 Be7 8. Qd2 b5 9. g4 O-O 10. h4 b4 11. Nce2 e5 12. Nf5 Bxf5 13. exf5 Nc6 14. O-O-O Kh8 15. Rg1 Rc8 16. Bxf6 1-0

[Event "Reykjavik Open 2025"]
[Site "Reykjavik"]
[Date "2025.04.12"]
[Round "5.80"]
[White "Martin, Alix"]
[Black "Cigan, Jason"]
[Result "0-1"]
[WhiteElo "1807"]
[WhiteFideId "45184186"]
[BlackElo "2044"]
[BlackFideId "2064022"]
[Variant "Standard"]
[StudyName "ROPen 2025 - Rd5 - Boards 45-108"]
1. e4 e5 2. Nf3 Nc6 3. Bb5 a6 4. Ba4 Nf6 5. d3 Bc5 6. c3 O-O 7. O-O Re8 8. Re1 d5 9. Nbd2 b5 10. Bc2 Ng4 11. Re2 Bxf2+ 12. Rxf2 Ne3 13. Qe2 Nxc2 14. Rb1 Be6 15. Nb3 dxe4 16. Qxe4 Bd5 17. Qh4 Qxh4 18. Nxh4 Bxb3 19. axb3 Ne1 20. Be3 Nxd3 21. Rd2 Rad8 22. b4 g6 23. Ra1 f5 24. Bg5 Rd6 25. Rxa6 e4 26. g3 e3 27. Re2 Nd4 28. Rxe3 Rxe3 29. Ra8+ Kf7 30. Bxe3 Ne6 31. Nf3 Nxb2 32. Nd4 Nd1 33. Nxe6 Kxe6 34. Bd4 Kd5 35. Ra1 Nb2 36. Re1 Re6 37. Rxe6 Kxe6 38. Kf2 Kd5 39. Ke3 Kc4 40. Kf4 Nd3+ 41. Ke3 Nb2 42. h4 Na4 43. Kd2 c5 44. bxc5 Nxc5 45. Kc2 Ne4 46. Be5 h6 47. Kb2 g5 48. hxg5 hxg5 49. Kc2 Kd5 50. Bc7 Nc5 51. Bd8 f4 52. gxf4 gxf4 53. Kd1 Kc4 54. Ke2 Kxc3 55. Bf6+ Kc2 56. Be7 Ne6 57. Kf3 Kc3 58. Bf6+ Kc4 59. Ke4 b4 60. Be5 Nc5+ 61. Kf3 Nd3 62. Bf6 Kb3 63. Ke4 Kc2 64. Bg7 b3 65. Bf6 Nf2+ 66. Kxf4 Nd1 67. Ba1 Nb2 68. Ke3 Kb1 0-1

[Event "Reykjavik Open 2025"]
[Site "Reykjavik"]
[Date "2025.04.12"]
[Round "5.81"]
[White "Schwarz, David"]
[Black "Grettisson, Arnar Breki"]
[Result "1-0"]
[WhiteElo "2028"]
[WhiteFideId "16287614"]
[BlackElo "1794"]
[BlackFideId "2322790"]
[Variant "Standard"]
[StudyName "ROPen 2025 - Rd5 - Boards 45-108"]
1. d4 d5 2. c3 Nf6 3. Nf3 c5 4. Bf4 Nc6 5. e3 Bf5 6. Qb3 Qc8 7. dxc5 e6 8. Nd4 Bxb1 9. Rxb1 Bxc5 10. Nb5 e5 11. Bg5 Qf5 12. Rd1 Qxg5 13. Nc7+ Kd8 14. Nxa8 Kc8 15. a4 Nd8 16. Qb5 Be7 17. Qa5 Ne6 18. Qxa7 Bc5 19. Qa5 Ne4 20. Nb6+ Kb8 21. Qa8+ Kc7 22. Nxd5+ 1-0

[Event "Reykjavik Open 2025"]
[Site "Reykjavik"]
[Date "2025.04.12"]
[Round "5.82"]
[White "Koperski, Dustin"]
[Black "Kingsley, Elias"]
[Result "1/2-1/2"]
[WhiteElo "1793"]
[WhiteFideId "2620634"]
[BlackElo "2033"]
[BlackFideId "1775006"]
[Variant "Standard"]
[StudyName "ROPen 2025 - Rd5 - Boards 45-108"]
1. e4 c5 2. d4 cxd4 3. c3 Nf6 4. e5 Nd5 5. Qxd4 e6 6. Nf3 Nc6 7. Qe4 Be7 8. Bd3 f5 9. Qe2 d6 10. exd6 Qxd6 11. O-O O-O 12. Na3 Bf6 13. Re1 Rd8 14. Bc2 a6 15. Nc4 Qc7 16. Nce5 Nxe5 17. Nxe5 b5 18. Nf3 b4 19. cxb4 Nxb4 20. Bb3 Kh8 21. Bg5 Qe7 22. Bxf6 Qxf6 23. Qe5 Nd3 24. Qxf6 gxf6 25. Red1 Bb7 26. Bxe6 Bxf3 27. gxf3 Ne5 28. Bxf5 Nxf3+ 29. Kf1 Rg8 30. Ke2 Nxh2 1/2-1/2

[Event "Reykjavik Open 2025"]
[Site "Reykjavik"]
[Date "2025.04.12"]
[Round "5.83"]
[White "Muench, Robert"]
[Black "Donath, Simon"]
[Result "1-0"]
[WhiteElo "2027"]
[WhiteFideId "4626028"]
[BlackElo "1761"]
[BlackFideId "34618180"]
[Variant "Standard"]
[StudyName "ROPen 2025 - Rd5 - Boards 45-108"]
1. d4 d5 2. Nf3 Nf6 3. g3 Bf5 4. Bg2 e6 5. c4 c6 6. Qb3 Qb6 7. c5 Qxb3 8. axb3 Na6 9. Bd2 Be7 10. O-O O-O 11. Ne5 Ne4 12. Bxe4 Bxe4 13. Nxc6 Bf6 14. Bc3 Rfc8 15. Na5 b6 16. Nb7 Rcb8 17. Rxa6 Rxb7 18. b4 bxc5 19. bxc5 Be7 20. Nd2 Bf5 21. Rfa1 e5 22. c6 Rc7 23. dxe5 Bc8 24. Ba5 Bxa6 25. Bxc7 Bb5 26. Bb6 Bxc6 27. Rxa7 Rxa7 28. Bxa7 f6 29. Nf3 fxe5 30. Nxe5 Bb5 31. Nd3 Bf6 32. b3 Kf7 33. Kf1 Ke6 34. Ke1 Kf5 35. h3 d4 36. Kd2 Bg5+ 37. Kc2 Ke4 38. Nc5+ Kd5 39. Kd1 Be7 40. Nd3 Ke4 41. Kd2 Bg5+ 42. f4 Bd8 43. Nf2+ Kd5 44. e4+ dxe3+ 45. Kxe3 Bd7 46. Bd4 g5 47. Ba7 gxf4+ 48. Kxf4 Bc7+ 49. Kf3 h5 50. Be3 Bf5 51. b4 Kc4 52. Bc5 Bd7 53. g4 Bc6+ 54. Ke3 Bd8 55. Ne4 hxg4 56. hxg4 Bd7 57. Kf4 Bc7+ 58. Kg5 Bd8+ 59. Kh5 Kd5 60. Nc3+ Kc4 61. Ne4 Kd5 62. Ng3 Kc4 63. g5 Be8+ 64. Kh6 Bc7 65. Ne4 Ba4 66. g6 Bf4+ 67. Ng5 Kb5 68. g7 Bb3 69. Kg6 Bg8 70. Nf7 Bd2 71. Be7 Kc6 72. Nh6 Bb3 73. Bg5 Bc2+ 74. Nf5 1-0

[Event "Reykjavik Open 2025"]
[Site "Reykjavik"]
[Date "2025.04.12"]
[Round "5.84"]
[White "Chompas, Vasileios"]
[Black "Kukushkin, Ivan"]
[Result "0-1"]
[WhiteElo "1711"]
[WhiteFideId "42142377"]
[BlackElo "2030"]
[BlackFideId "11634103"]
[Variant "Standard"]
[StudyName "ROPen 2025 - Rd5 - Boards 45-108"]
1. d4 d5 2. c4 e6 3. Nf3 Nf6 4. g3 Be7 5. Bg2 O-O 6. O-O c6 7. b3 b6 8. Bb2 Ba6 9. Nbd2 Nbd7 10. Re1 Re8 11. e4 dxe4 12. Nxe4 Nxe4 13. Rxe4 Nf6 14. Re1 c5 15. Ne5 Rc8 16. dxc5 Bxc5 17. Nc6 Bb7 18. Be5 Qd7 19. Qxd7 Nxd7 0-1

[Event "Reykjavik Open 2025"]
[Site "Reykjavik"]
[Date "2025.04.12"]
[Round "5.88"]
[White "Muetsch, Annmarie"]
[Black "Bech, Havard Eriksen"]
[Result "1-0"]
[WhiteElo "2329"]
[WhiteFideId "12971367"]
[BlackElo "2024"]
[BlackFideId "1564684"]
[Variant "Standard"]
[StudyName "ROPen 2025 - Rd5 - Boards 45-108"]
1. e4 e5 2. Nf3 Nc6 3. Bc4 Nf6 4. Ng5 d5 5. exd5 Na5 6. Bb5+ c6 7. dxc6 bxc6 8. Bd3 Nd5 9. h4 Be7 10. Qf3 Nf6 11. Bf5 Bb7 12. d3 c5 13. Be4 Qc7 14. Bxb7 Nxb7 15. Nc3 h6 16. Nge4 Nxe4 17. dxe4 O-O 18. Qg4 Qc6 19. Nd5 Bd8 20. c4 Ba5+ 21. Ke2 Rae8 22. Rh3 Qe6 23. Qxe6 Rxe6 24. g4 Nd6 25. Kd3 Nc8 26. Be3 Bb6 27. h5 Ne7 28. Nxe7+ Rxe7 29. Kc2 Rd8 30. Rhh1 f6 31. Rad1 Rc8 32. Rd5 Kf7 33. Rhd1 Ke8 34. R1d3 Rec7 35. Ra3 Ke7 36. Rdd3 Rc6 37. Ra6 1-0

[Event "Reykjavik Open 2025"]
[Site "Reykjavik"]
[Date "2025.04.12"]
[Round "5.89"]
[White "Bjornsson, Sigurbjorn"]
[Black "Subervi, Jonathan Sigfredo"]
[Result "1-0"]
[WhiteElo "2303"]
[WhiteFideId "2300974"]
[BlackElo "2020"]
[BlackFideId "6400345"]
[Variant "Standard"]
[StudyName "ROPen 2025 - Rd5 - Boards 45-108"]
1. e4 c5 2. Nf3 d6 3. d4 cxd4 4. Nxd4 Nf6 5. Nc3 a6 6. Rg1 e5 7. Nb3 h5 8. h3 h4 9. Bg5 Be6 10. Qd2 Nbd7 11. O-O-O Be7 12. Kb1 b5 13. Qe1 Rc8 14. f4 Qb6 15. Bd3 b4 16. fxe5 bxc3 17. exf6 Bxf6 18. Bxf6 Nxf6 19. e5 dxe5 20. Qxe5 Rh5 21. Qd4 Qc7 22. Rge1 cxb2 23. Qb4 Nd5 24. Rxe6+ fxe6 25. Bg6+ Kd7 26. c4 Rg5 27. cxd5 Rxg6 28. Qa4+ Kd6 29. Qxa6+ Ke5 30. Qe2+ Kf5 31. Rf1+ Kg5 32. Qg4+ 1-0

[Event "Reykjavik Open 2025"]
[Site "Reykjavik"]
[Date "2025.04.12"]
[Round "5.90"]
[White "Nayak, Rajesh"]
[Black "Boissonnier, Kimo"]
[Result "1/2-1/2"]
[WhiteElo "2277"]
[WhiteFideId "35017152"]
[BlackElo "2019"]
[BlackFideId "611026"]
[Variant "Standard"]
[StudyName "ROPen 2025 - Rd5 - Boards 45-108"]
1. d4 d5 2. Nc3 Bf5 3. Bf4 e6 4. e3 Bd6 5. Nf3 Bxf4 6. exf4 Bg4 7. h3 Bxf3 8. Qxf3 Ne7 9. O-O-O Qd6 10. Kb1 Nd7 11. Bd3 O-O-O 12. Rhe1 g6 13. Bf1 Kb8 14. Nb5 Qb6 15. Qa3 c5 16. Nc3 Qb4 17. Qxb4 cxb4 18. Ne2 Rc8 19. Nc1 Rc7 20. Nd3 Nc6 21. Ne5 Nf6 22. Bb5 Nd8 23. Bd3 Nc6 24. Bb5 Nd8 25. Nd3 a6 26. Ba4 b5 27. Bb3 a5 28. a3 bxa3 29. bxa3 a4 30. Ba2 Ne4 31. Kb2 Nc6 32. f3 Ng3 33. c3 Ka7 34. Rb1 Ka6 35. Nc5+ Ka5 36. Rbc1 Rhc8 37. Bb1 Nb8 38. Nd3 Nd7 39. Ba2 Nb6 40. Rc2 Nc4+ 41. Bxc4 bxc4 42. Nb4 Nh5 43. Rb1 Rb8 44. Kc1 Rb6 45. Rcb2 Nxf4 46. h4 Rcb7 47. g3 Nd3+ 48. Nxd3 cxd3 49. Rb4 Rxb4 50. cxb4+ Kb5 51. Kd2 Kc4 52. Rc1+ Kxd4 53. Rc3 e5 54. Rxd3+ Kc4 55. Rc3+ Kd4 56. Rd3+ Kc4 1/2-1/2